[Event "Zipaquira sf3 U16 Girls"]
[Site "Zipaquira"]
[Date "2017.03.31"]
[Round "3.7"]
[White "Palma, Ana Maria"]
[Black "Caicedo Anguila, Juliana Andrea"]
[Result "0-1"]
[WhiteElo "1419"]
[BlackElo "1490"]
[PlyCount "22"]
[EventDate "2017.03.30"]
[EventType "swiss"]
[EventRounds "6"]
[EventCountry "COL"]
[SourceTitle "EXT 2024"]
[Source "ChessBase"]
[SourceDate "2023.10.10"]
[SourceVersion "1"]
[SourceVersionDate "2023.10.10"]
[SourceQuality "1"]

1. e4 c5 2. Nf3 d6 3. d4 cxd4 4. Nxd4 Nf6 5. Nc3 a6 6. Bc4 e6 7. Be3 Be7 8. 0-0 0-0 9. Re1 b5 10. Bb3 Bb7 11. Qd3 b4 0-1

[Event "COL-ch Superate A (Women)"]
[Site "Colombia"]
[Date "2015.10.19"]
[Round "5.4"]
[White "Tovar Meza, Lina"]
[Black "Palma, Ana Maria"]
[Result "1-0"]
[WhiteElo "1485"]
[BlackElo "1407"]
[PlyCount "69"]
[EventDate "2015.10.19"]
[EventType "swiss (rapid)"]
[EventRounds "6"]
[EventCountry "COL"]
[SourceTitle "EXT 2024"]
[Source "ChessBase"]
[SourceDate "2023.10.10"]
[SourceVersion "1"]
[SourceVersionDate "2023.10.10"]
[SourceQuality "1"]

1. e4 e5 2. Nc3 Nf6 3. g3 d6 4. Bg2 Nc6 5. Nge2 Be7 6. 0-0 0-0 7. d3 Be6 8. Bg5 Qd7 9. Nd5 Nxd5 10. Bxe7 Qxe7 11. exd5 Nd4 12. Nxd4 exd4 13. dxe6 fxe6 14. Bxb7 Rab8 15. Bg2 Rxb2 16. c4 dxc3 17. Qc1 Qf6 18. Bh3 e5 19. Qxc3 Rb5 20. Qc4+ Kh8 21. Qxb5 Rd8 22. Rac1 c5 23. Rfe1 Rf8 24. Rc2 Qe7 25. Re4 d5 26. Rh4 Rf6 27. Qxc5 Qxc5 28. Rxc5 Rf8 29. Rxd5 g6 30. Rxe5 h5 31. Re7 Kg8 32. Be6+ Kh8 33. g4 Rd8 34. gxh5 gxh5 35. Rxh5# 1-0

[Event "COL-ch Superate A (Women)"]
[Site "Colombia"]
[Date "2015.10.18"]
[Round "8.2"]
[White "Fraile Vela, Maria Isabel"]
[Black "Palma, Ana Maria"]
[Result "1-0"]
[WhiteElo "1671"]
[BlackElo "1407"]
[PlyCount "65"]
[EventDate "2015.10.18"]
[EventType "swiss (blitz)"]
[EventRounds "12"]
[EventCountry "COL"]
[SourceTitle "EXT 2024"]
[Source "ChessBase"]
[SourceDate "2023.10.10"]
[SourceVersion "1"]
[SourceVersionDate "2023.10.10"]
[SourceQuality "1"]

1. e4 e5 2. Nf3 Nc6 3. Bb5 d6 4. d4 exd4 5. Nxd4 a6 6. Nxc6 bxc6 7. Bxc6+ Bd7 8. Bxa8 Qxa8 9. Qe2 Nf6 10. Nc3 Be7 11. 0-0 0-0 12. Bd2 c5 13. h3 Bc6 14. f3 d5 15. exd5 Bxd5 16. Qxe7 Re8 17. Qxc5 Qc6 18. Qxc6 Bxc6 19. Rae1 Rf8 20. Ne4 Nxe4 21. fxe4 Re8 22. e5 Bd5 23. b3 g6 24. c4 Bc6 25. Bc3 Kf8 26. Rf6 Bd7 27. Ref1 Re6 28. Rxf7+ Kg8 29. Rxd7 Re8 30. Rff7 Rf8 31. Rg7+ Kh8 32. Rxh7+ Kg8 33. Rdg7# 1-0

[Event "COL-ch Superate A (Women)"]
[Site "Colombia"]
[Date "2015.10.18"]
[Round "7.2"]
[White "Palma, Ana Maria"]
[Black "Fraile Vela, Maria Isabel"]
[Result "0-1"]
[WhiteElo "1407"]
[BlackElo "1671"]
[PlyCount "116"]
[EventDate "2015.10.18"]
[EventType "swiss (blitz)"]
[EventRounds "12"]
[EventCountry "COL"]
[SourceTitle "EXT 2024"]
[Source "ChessBase"]
[SourceDate "2023.10.10"]
[SourceVersion "1"]
[SourceVersionDate "2023.10.10"]
[SourceQuality "1"]

1. e4 e5 2. Nf3 Nf6 3. d3 Nc6 4. Nc3 Be7 5. Be2 d6 6. 0-0 0-0 7. Re1 Re8 8. d4 exd4 9. Nxd4 Nxd4 10. Qxd4 c5 11. Qd1 Be6 12. Bf3 Qc8 13. e5 dxe5 14. Rxe5 Bg4 15. Re3 Bxf3 16. Qxf3 a6 17. Bd2 Bd6 18. Rae1 Rxe3 19. Rxe3 Ng4 20. g3 Nxe3 21. Bxe3 Qd7 22. Nd5 Rd8 23. Nc3 b5 24. Ne4 Be7 25. Bxc5 Bxc5 26. Nxc5 Qd1+ 27. Qxd1 Rxd1+ 28. Kg2 Rd2 29. Nxa6 Rxc2 30. Nb4 Rxb2 31. Nd3 Rxa2 32. Nb4 Rb2 33. Nd3 Rb3 34. Nc1 Rc3 35. Na2 Rc7 36. Nb4 Kf8 37. f4 Ke8 38. Kf3 Kd7 39. Ke4 Kd6 40. Kd3 f6 41. h4 g6 42. Kd4 Rc4+ 43. Kd3 Rxb4 44. Kc3 Rc4+ 45. Kb3 Kc5 46. Kb2 b4 47. g4 Rxf4 48. g5 fxg5 49. hxg5 Rf5 50. Kb3 Rxg5 51. Kb2 h5 52. Kc2 h4 53. Kb3 h3 54. Kc2 h2 55. Kb3 h1Q 56. Kb2 Rg3 57. Kc2 Qh2+ 58. Kd1 Rg1# 0-1

[Event "COL-ch Superate A (Women)"]
[Site "Colombia"]
[Date "2015.10.18"]
[Round "3.7"]
[White "Papamija, Ingrid"]
[Black "Palma, Ana Maria"]
[Result "0-1"]
[WhiteElo "1487"]
[BlackElo "1407"]
[PlyCount "103"]
[EventDate "2015.10.18"]
[EventType "swiss (blitz)"]
[EventRounds "12"]
[EventCountry "COL"]
[SourceTitle "EXT 2024"]
[Source "ChessBase"]
[SourceDate "2023.10.10"]
[SourceVersion "1"]
[SourceVersionDate "2023.10.10"]
[SourceQuality "1"]

1. e4 e5 2. Nf3 Nc6 3. d3 Bc5 4. Be2 Nf6 5. 0-0 0-0 6. Nc3 d6 7. Bg5 h6 8. Bxf6 Qxf6 9. a3 a5 10. Na4 Ba7 11. b3 b5 12. Nb2 Nd4 13. Rb1 Nxe2+ 14. Qxe2 c6 15. c3 Bg4 16. Rbd1 Rfe8 17. c4 bxc4 18. dxc4 Rad8 19. Nd3 d5 20. c5 dxe4 21. Qxe4 Bxf3 22. Qxf3 Qxf3 23. gxf3 e4 24. fxe4 Rxe4 25. f3 Red4 26. Nf2 Rxd1 27. Nxd1 Bxc5+ 28. Kh1 Bxa3 29. Ne3 Bd6 30. Kg2 Re8 31. Nf5 Re6 32. Nh4 Re2+ 33. Rf2 Rxf2+ 34. Kxf2 c5 35. h3 Kf8 36. Nf5 Be5 37. Ne3 Ke7 38. h4 Bd4 39. f4 Bxe3+ 40. Kxe3 Kd6 41. Kd3 Kc6 42. Kc4 f6 43. f5 a4 44. bxa4 Kd6 45. a5 Ke5 46. a6 Kxf5 47. a7 g5 48. a8Q gxh4 49. Qc8+ Kg5 50. Qxc5+ f5 51. Kd3 Kg4 52. Qg1+ 0-1

[Event "Bogota Superate Cat A Girls"]
[Site "Bogota"]
[Date "2015.10.16"]
[Round "1.4"]
[White "Palma, Ana Maria"]
[Black "Diaz, Luisa Fernanda"]
[Result "0-1"]
[WhiteElo "1407"]
[BlackElo "1537"]
[PlyCount "68"]
[EventDate "2015.10.16"]
[EventType "swiss"]
[EventRounds "5"]
[EventCountry "COL"]
[SourceTitle "EXT 2024"]
[Source "ChessBase"]
[SourceDate "2023.10.10"]
[SourceVersion "1"]
[SourceVersionDate "2023.10.10"]
[SourceQuality "1"]

1. e4 c5 2. Nf3 e6 3. d4 cxd4 4. Nxd4 a6 5. Nc3 b5 6. Nb3 Qc7 7. Be3 Bb7 8. Qd2 b4 9. Na4 Bxe4 10. Nac5 Bg6 11. 0-0-0 Nf6 12. f3 Nd5 13. Bd3 Nxe3 14. Qxe3 Qb6 15. Bxg6 hxg6 16. h3 d6 17. Rhe1 dxc5 18. Rd2 Nc6 19. Red1 a5 20. Qd3 Rd8 21. Qe3 Rxd2 22. Qxd2 Qc7 23. Kb1 a4 24. Nc1 Be7 25. f4 0-0 26. g4 Rd8 27. Qe2 Rxd1 28. Qxd1 Qxf4 29. Nd3 Qd4 30. Qf3 Qg1+ 31. Nc1 Bg5 32. a3 Qxc1+ 33. Ka2 Bf6 34. c3 b3# 0-1

[Event "South Region-ch U16 Girls Integrada"]
[Site "Neiva"]
[Date "2015.03.29"]
[Round "3.3"]
[White "Medina Barrios, Lina Maria"]
[Black "Palma, Ana Maria"]
[Result "1-0"]
[WhiteElo "1507"]
[BlackElo "1462"]
[PlyCount "39"]
[EventDate "2015.03.28"]
[EventType "swiss"]
[EventRounds "5"]
[EventCountry "COL"]
[SourceTitle "EXT 2024"]
[Source "ChessBase"]
[SourceDate "2023.10.10"]
[SourceVersion "1"]
[SourceVersionDate "2023.10.10"]
[SourceQuality "1"]

1. e4 e5 2. Nf3 Nc6 3. Bc4 Be7 4. c3 Nf6 5. d3 0-0 6. 0-0 Na5 7. Nxe5 Nxc4 8. Nxc4 d5 9. exd5 Nxd5 10. Nbd2 Re8 11. Re1 Bg5 12. Rxe8+ Qxe8 13. Nf3 Bxc1 14. Rxc1 Nf4 15. Qe1 Qd7 16. Nce5 Nh3+ 17. gxh3 Qxh3 18. Nxf7 Kxf7 19. Ng5+ Kg8 20. Nxh3 1-0